000 00577nam a2200193 4500
003 OSt
005 20230907105844.0
008 708 R549v
040 _cLado V
082 _a750
_bC235a
100 _91027
_aCañas, Antonio
_eautor
245 _aAntonio Cañas/
260 _aSan Salvador
_bColectivo Hétero
_c2005
300 _a24p.
_c21x21cm
650 _2Tesauro de Arte & Arquitectura
_aARTE
_9702
650 _2Tesauro de Arte & Arquitectura
_aPINTURA
_9702
650 _2Tesauro de Arte & Arquitectura
_aACRILICO
_9702
942 _2ddc
_c1
_h750
_iC235a
_n0
999 _c4284
_d4284